GLOBAL BUSINESS TODAY (Record no. 23777)

MARC details
000 -LEADER
fixed length control field 00385nam a22001697a 4500
003 - CONTROL NUMBER IDENTIFIER
control field OSt
005 - DATE AND TIME OF LATEST TRANSACTION
control field 20211223145421.0
008 - FIXED-LENGTH DATA ELEMENTS--GENERAL INFORMATION
fixed length control field 211223b |||||||| |||| 00| 0 eng d
020 ## - INTERNATIONAL STANDARD BOOK NUMBER
International Standard Book Number 025624431X
040 ## - CATALOGING SOURCE
Transcribing agency HU
082 ## - DEWEY DECIMAL CLASSIFICATION NUMBER
Classification number 658
100 ## - MAIN ENTRY--PERSONAL NAME
Personal name HILL,CHARLESS,W.L
9 (RLIN) 24700
245 ## - TITLE STATEMENT
Title GLOBAL BUSINESS TODAY
260 ## - PUBLICATION, DISTRIBUTION, ETC.
Place of publication, distribution, etc. LONDON
Name of publisher, distributor, etc. LTD
Date of publication, distribution, etc. 2008
300 ## - PHYSICAL DESCRIPTION
Extent 506
942 ## - ADDED ENTRY ELEMENTS (KOHA)
Source of classification or shelving scheme Dewey Decimal Classification
Koha item type Books like text book referance book
Suppress in OPAC No
Holdings
Withdrawn status Lost status Source of classification or shelving scheme Damaged status Not for loan Home library Current library Shelving location Date acquired Total Checkouts Full call number Barcode Date last seen Copy number Price effective from Koha item type
    Dewey Decimal Classification     College of Business and Economics Library College of Business and Economics Library General Stacks 12/23/2021   658/HIL MBELIB00004388 12/23/2021 1 12/23/2021 Books like text book referance book
    Dewey Decimal Classification     College of Business and Economics Library College of Business and Economics Library General Stacks 12/23/2021   658/HIL MBELIB00004411 12/23/2021 2 12/23/2021 Books like text book referance book
    Dewey Decimal Classification     College of Business and Economics Library College of Business and Economics Library General Stacks 12/23/2021   658/HIL MBELIB00004412 12/23/2021 3 12/23/2021 Books like text book referance book
    Dewey Decimal Classification     College of Business and Economics Library College of Business and Economics Library General Stacks 12/23/2021   658/HIL MBELIB00004413 12/23/2021 4 12/23/2021 Books like text book referance book
    Dewey Decimal Classification     College of Business and Economics Library College of Business and Economics Library General Stacks 12/23/2021   658/HIL MBELIB00004414 12/23/2021 5 12/23/2021 Books like text book referance book
    Dewey Decimal Classification     College of Business and Economics Library College of Business and Economics Library General Stacks 12/23/2021   658/HIL MBELIB00004415 12/23/2021 6 12/23/2021 Books like text book referance book
    Dewey Decimal Classification     College of Business and Economics Library College of Business and Economics Library General Stacks 12/23/2021   658/HIL MBELIB00004416 12/23/2021 7 12/23/2021 Books like text book referance book